[Event "OLNO 2122 SK König Tegel II - SG Güst"]
[Site "?"]
[Date "2022.03.20"]
[Round "7.4"]
[White "Dimitrijeski, Kristian"]
[Black "Waschk, Armin"]
[Result "1/2-1/2"]
[WhiteElo "2137"]
[BlackElo "2158"]
[PlyCount "143"]
[EventDate "2022.??.??"]

1. Nf3 d5 2. d4 Nf6 3. c4 e6 4. Nc3 Bb4 5. cxd5 exd5 6. Bg5 O-O 7. e3 Bf5 8.
Qb3 Bxc3+ 9. bxc3 b6 10. Bxf6 gxf6 11. c4 Nc6 12. cxd5 Na5 13. Qc3 Qxd5 14. Be2
c5 15. O-O cxd4 16. Qxd4 Qxd4 17. Nxd4 Be6 18. Rfc1 Rac8 19. a3 Nb3 20. Nxb3
Bxb3 21. Kf1 Rfd8 22. Ke1 a5 23. Ba6 Ra8 24. Be2 Rab8 25. Rab1 a4 26. Bd1 Rd3
27. Bxb3 axb3 28. Ke2 Rbd8 29. Rb2 Kg7 30. Rc6 R8d6 31. Rxd6 Rxd6 32. Rxb3 f5
33. g3 Kg6 34. h4 Kh5 35. Kf3 Rc6 36. Rb5 Kg6 37. Rb4 f6 38. a4 Rd6 39. Ke2 Kh5
40. Rd4 Rc6 41. Kd3 Kg6 42. Rc4 Rd6+ 43. Kc3 Rd1 44. Rf4 Rc1+ 45. Kb2 Rf1 46.
Kb3 Rb1+ 47. Kc4 Rb2 48. Kc3 Ra2 49. Kb4 Rb2+ 50. Ka3 Rc2 51. Kb3 Rd2 52. g4
fxg4 53. Rxg4+ Kf5 54. Rf4+ Ke5 55. Kc3 Ra2 56. Kd3 Rb2 57. Re4+ Kf5 58. Rf4+
Ke5 59. Kc3 Ra2 60. h5 h6 61. Kd3 f5 62. Rb4 Rxf2 63. Rxb6 Ra2 64. Rb5+ Kf6 65.
a5 Ra4 66. Ke2 Kg5 67. Kf3 Ra3 68. Ke2 Kxh5 69. Rxf5+ Kg4 70. Rf4+ Kg5 71. Kf3
Rxa5 72. Rf8 1/2-1/2

[Event "OLNO 2122 SK König Tegel II - SG Güst"]
[Site "?"]
[Date "2022.03.20"]
[Round "7.5"]
[White "Dettmann, Gerd"]
[Black "Jahnz, Fabian"]
[Result "0-1"]
[WhiteElo "2111"]
[BlackElo "2245"]
[PlyCount "64"]
[EventDate "2022.??.??"]

1. e4 c6 2. d4 d5 3. e5 Bf5 4. g4 Be4 5. f3 Bg6 6. Ne2 e6 7. h4 h5 8. Nf4 hxg4
9. Nxg6 fxg6 10. Qd3 Kf7 11. fxg4 Rxh4 12. Qf3+ Ke8 13. Bd3 Rxh1+ 14. Qxh1 Ne7
15. Nc3 Qb6 16. Ne2 c5 17. Nf4 Kd7 18. Bxg6 Nbc6 19. Bf7 Nxd4 20. c3 Nc2+ 21.
Kd1 Nxa1 22. Bxe6+ Kc7 23. Bxd5 Rd8 24. c4 g5 25. Nd3 Qg6 26. Be4 Qe6 27. Qf3
Bg7 28. Bxg5 Rf8 29. Nxc5 Qxc4 30. Qe3 Rf1+ 31. Kd2 Qc1+ 32. Kd3 Rd1+ 0-1

[Event "OLNO 2122 SK König Tegel II - SG Güst"]
[Site "?"]
[Date "2022.03.20"]
[Round "7.6"]
[White "Wierzbicki, Jirawat"]
[Black "Dettmann, Holger"]
[Result "1-0"]
[WhiteElo "2158"]
[BlackElo "2024"]
[PlyCount "55"]
[EventDate "2022.??.??"]

1. e4 g6 2. d4 Bg7 3. c3 d5 4. e5 h5 5. Nf3 Nh6 6. Bd3 Nf5 7. h3 c6 8. a4 Na6
9. Bf4 Nc7 10. a5 Be6 11. O-O Qd7 12. Nbd2 Bh6 13. Bg5 Bxg5 14. Nxg5 Nh6 15.
Nb3 b6 16. axb6 axb6 17. Rxa8+ Nxa8 18. Qa1 O-O 19. Nxe6 Qxe6 20. Qc1 Nf5 21.
Qg5 Ng7 22. g4 hxg4 23. hxg4 Nc7 24. Kg2 f5 25. Rh1 Nce8 26. Rh6 Kf7 27. Nc1
Rg8 28. Ne2 1-0

[Event "OLNO 2122 SK König Tegel II - SG Güst"]
[Site "?"]
[Date "2022.03.20"]
[Round "7.7"]
[White "Scharf, Christian"]
[Black "Acikel, Mert"]
[Result "1/2-1/2"]
[WhiteElo "1254"]
[BlackElo "2177"]
[PlyCount "153"]
[EventDate "2022.??.??"]

1. e4 e5 2. Nf3 Nc6 3. Bb5 a6 4. Ba4 Nf6 5. O-O Be7 6. Re1 b5 7. Bb3 d6 8. c3
O-O 9. h3 Nb8 10. d4 Nbd7 11. Nbd2 Bb7 12. Bc2 Re8 13. Nf1 Bf8 14. Ng3 g6 15.
a4 c5 16. d5 c4 17. Bg5 Be7 18. Qd2 Nc5 19. Bh6 Nfd7 20. Nh2 bxa4 21. Bxa4 Qc7
22. Ng4 Reb8 23. Be3 Qd8 24. Bxd7 Nxd7 25. Ra4 Rc8 26. Qe2 Qc7 27. Nh6+ Kf8 28.
Qf3 Bf6 29. Nf1 Kg7 30. Ng4 Be7 31. Nd2 h5 32. Nh2 Rf8 33. Rxc4 Qd8 34. Qd1 f5
35. f3 Bh4 36. Re2 a5 37. exf5 gxf5 38. Bf2 Bxf2+ 39. Rxf2 Nb6 40. Ra4 Nxa4 41.
Qxa4 Bxd5 42. g4 Qb6 43. Nc4 Bxc4 44. Qxc4 hxg4 45. hxg4 f4 46. g5 Rae8 47. Ng4
Qc5 48. Qd3 Rh8 49. Nh6 e4 50. fxe4 Qxg5+ 51. Rg2 Qxg2+ 52. Kxg2 Rxh6 53. Qd4+
Re5 54. Kf3 Rf6 55. Qg1+ Kf7 56. Qa7+ Kg6 57. Qd7 Rfe6 58. Kxf4 Rxe4+ 59. Kf3
Re3+ 60. Kf2 R3e5 61. Qc8 Kh7 62. Qb7+ Kg8 63. Qg2+ Kf7 64. Qb7+ Re7 65. Qf3+
Ke8 66. Qc6+ Kf8 67. Qxd6 R5e6 68. Qb8+ Kg7 69. b4 a4 70. Qa8 Rf7+ 71. Kg3 Rg6+
72. Kh3 a3 73. Qd5 Rh6+ 74. Kg3 Rg6+ 75. Kh3 Rh6+ 76. Kg3 Rg6+ 77. Kh3 1/2-1/2

[Event "OLNO 2122 SK König Tegel II - SG Güst"]
[Site "?"]
[Date "2022.03.20"]
[Round "7.8"]
[White "Niehaus, Frank"]
[Black "Schott, Andy"]
[Result "1/2-1/2"]
[WhiteElo "2076"]
[BlackElo "1602"]
[PlyCount "53"]
[EventDate "2022.??.??"]

1. e4 c5 2. Nf3 d6 3. d4 cxd4 4. Nxd4 Nf6 5. Nc3 a6 6. Bg5 Nbd7 7. f4 e6 8. Qf3
Qc7 9. O-O-O b5 10. Bd3 Bb7 11. Rhe1 Rc8 12. Kb1 Be7 13. a3 h6 14. Qh3 Rg8 15.
Bh4 Qb6 16. e5 dxe5 17. fxe5 Nd5 18. Nxd5 Bxd5 19. Bxe7 Kxe7 20. Qh4+ g5 21.
Qf2 b4 22. a4 b3 23. cxb3 Bxb3 24. Rd2 Bd5 25. Rf1 Rgf8 26. Bc2 Rb8 27. Bd3
1/2-1/2

[Event "OLNO 2122 Forster SC 95 - SC Empor Pots"]
[Site "?"]
[Date "2022.03.20"]
[Round "7.1"]
[White "Penzold, Andreas"]
[Black "Aliavdin, Nikolai"]
[Result "1/2-1/2"]
[WhiteElo "2391"]
[BlackElo "2314"]
[PlyCount "102"]
[EventDate "2022.??.??"]

1. c4 c5 2. Nc3 g6 3. g3 Bg7 4. Bg2 Nc6 5. Nf3 e6 6. O-O Nge7 7. d4 cxd4 8. Nb5
Nf5 9. g4 a6 10. gxf5 axb5 11. cxb5 Ne5 12. Nxd4 gxf5 13. a4 d5 14. Ra3 Ng6 15.
f4 Bd7 16. Rd3 O-O 17. b3 Qe7 18. Bb2 Rfc8 19. Qd2 Qc5 20. e3 Qb6 21. Rc1 Rxc1+
22. Qxc1 Rc8 23. Rc3 Ne7 24. Rxc8+ Nxc8 25. Qe1 Nd6 26. Qg3 f6 27. Qe1 Ne4 28.
a5 Qc5 29. b4 Qd6 30. b6 e5 31. Nb3 exf4 32. exf4 Qxf4 33. Nc5 Bc6 34. Nd3 Qd6
35. Qe3 Bf8 36. Bd4 f4 37. Qh3 Ng5 38. Qf5 f3 39. Bxf3 Nxf3+ 40. Qxf3 Qe6 41.
Qxf6 Qxf6 42. Bxf6 Bb5 43. Nc5 Bxc5+ 44. bxc5 Kf7 45. Bd4 Ke6 46. Kf2 Kd7 47.
Ke3 Kc6 48. Kf4 h5 49. Kg5 Be2 50. Kf6 Bd3 51. h4 Ba6 1/2-1/2

[Event "OLNO 2122 Forster SC 95 - SC Empor Pots"]
[Site "?"]
[Date "2022.03.20"]
[Round "7.2"]
[White "Kleeschaetzky, Rainer"]
[Black "Tschernatsch, Johannes"]
[Result "0-1"]
[WhiteElo "2288"]
[BlackElo "2326"]
[PlyCount "48"]
[EventDate "2022.??.??"]

1. e4 c5 2. c3 Nf6 3. e5 Nd5 4. Nf3 Nc6 5. Bc4 Nb6 6. Bb3 c4 7. Bc2 d5 8. exd6
Qxd6 9. O-O Bg4 10. Re1 e6 11. h3 Bh5 12. b3 O-O-O 13. Na3 Qf4 14. d4 Bxf3 15.
Qxf3 Qxf3 16. gxf3 Nd5 17. Nb1 Na5 18. Bd2 b5 19. a4 cxb3 20. Be4 b4 21. Bxd5
Rxd5 22. cxb4 Nc6 23. Ra3 Nxd4 24. Kg2 a5 0-1

[Event "OLNO 2122 Forster SC 95 - SC Empor Pots"]
[Site "?"]
[Date "2022.03.20"]
[Round "7.3"]
[White "Tiarks, Jann-Christian"]
[Black "Bielinski, Dariusz"]
[Result "1-0"]
[WhiteElo "2180"]
[BlackElo "2100"]
[PlyCount "57"]
[EventDate "2022.??.??"]

1. e4 d6 2. d4 Nf6 3. Nc3 e5 4. Nf3 Nbd7 5. Bc4 h6 6. O-O Be7 7. dxe5 dxe5 8.
Qe2 c6 9. Nh4 O-O 10. Nf5 Kh7 11. Rd1 Ng8 12. Qe3 Qe8 13. Qg3 g6 14. Nxe7 Qxe7
15. a4 Ndf6 16. Be2 Qc7 17. Qh4 Kg7 18. Be3 Be6 19. a5 b6 20. f3 Nd7 21. Na4 h5
22. Qg3 Ngf6 23. Nc3 Rfd8 24. Bg5 Re8 25. h3 Rab8 26. f4 h4 27. Qxh4 exf4 28.
Bxf4 Ne5 29. Bh6+ 1-0

[Event "OLNO 2122 Forster SC 95 - SC Empor Pots"]
[Site "?"]
[Date "2022.03.20"]
[Round "7.4"]
[White "Dabrowski, Grzegorz"]
[Black "Schoene, Ralf"]
[Result "1/2-1/2"]
[WhiteElo "2040"]
[BlackElo "2258"]
[PlyCount "144"]
[EventDate "2022.??.??"]

1. e4 e5 2. Nf3 Nc6 3. d4 exd4 4. Nxd4 Nf6 5. Nxc6 bxc6 6. Qe2 Qe7 7. Nc3 Qb4
8. a3 Qb6 9. Na4 Qa5+ 10. Nc3 Rb8 11. Bd2 Rxb2 12. Nd1 Qb6 13. Nxb2 Qxb2 14.
Rc1 Bxa3 15. Qe3 O-O 16. Be2 d6 17. O-O Bc5 18. Qd3 Qe5 19. Bf3 Bg4 20. Bc3 Qh5
21. Bxg4 Nxg4 22. Qg3 Qg6 23. Rce1 Re8 24. Qd3 h6 25. h3 Ne5 26. Qe2 Qe6 27.
Kh1 Nc4 28. Qd3 f6 29. f4 a5 30. Re2 a4 31. g3 a3 32. Rfe1 a2 33. Bd4 Bxd4 34.
Qxd4 c5 35. Qa1 Ra8 36. c3 Nb6 37. e5 dxe5 38. fxe5 f5 39. c4 Ra4 40. Rxa2 Rxc4
41. Rae2 Rd4 42. Qa7 Rd7 43. Qb8+ Kh7 44. Qf8 c4 45. Rf1 Rf7 46. Qc5 h5 47. Rf4
Rd7 48. Qf2 c3 49. Rf3 Rd5 50. Rxc3 Rxe5 51. Rxe5 Qxe5 52. Rc5 Nd5 53. Qd2 c6
54. Rxc6 h4 55. Kg1 Qxg3+ 56. Qg2 Nf4 57. Qxg3 hxg3 58. h4 Ng6 59. Kg2 Nxh4+
60. Kxg3 g5 61. Ra6 Kg7 62. Rb6 Ng6 63. Rb7+ Kf6 64. Rb1 Kf7 65. Rb5 Ne7 66.
Rb6 Nd5 67. Rb7+ Kf6 68. Rb8 Nc7 69. Rb6+ Ke5 70. Rb7 Ne6 71. Rb8 Kf6 72. Rb6
Ke5 1/2-1/2

[Event "OLNO 2122 Forster SC 95 - SC Empor Pots"]
[Site "?"]
[Date "2022.03.20"]
[Round "7.5"]
[White "Milare, Tyron"]
[Black "Preuss, Heiko"]
[Result "1-0"]
[WhiteElo "2271"]
[BlackElo "2216"]
[PlyCount "111"]
[EventDate "2022.??.??"]

1. d4 d5 2. Nf3 c6 3. c4 Nf6 4. e3 g6 5. Nc3 Bg7 6. Bd3 Nbd7 7. cxd5 Nxd5 8.
Nxd5 cxd5 9. Qb3 e6 10. Bd2 O-O 11. O-O Qb6 12. Qa3 e5 13. Ba5 Qe6 14. dxe5
Nxe5 15. Nxe5 Bxe5 16. Bc3 Bd7 17. Rfd1 Rfc8 18. Be2 Bxc3 19. bxc3 Qe5 20. Rd4
Be6 21. Bf3 Rc6 22. Rad1 Qc7 23. R4d3 Ra6 24. Qb2 Rc8 25. h4 Rb6 26. Qe2 Qc4
27. h5 Kg7 28. Qd2 Ra6 29. e4 dxe4 30. h6+ Kf8 31. Rd8+ Ke7 32. Be2 Qxa2 33.
Rxc8 Qxd2 34. Rc7+ Kd8 35. Rxd2+ Kxc7 36. Bxa6 bxa6 37. Rd4 f5 38. Ra4 Kb6 39.
Rb4+ Kc7 40. Kh2 Bd7 41. Rc4+ Kd6 42. Rd4+ Kc7 43. Kg3 g5 44. Rd5 Kc6 45. Ra5
Kb6 46. Re5 a5 47. Re7 f4+ 48. Kh2 Bc6 49. Rxh7 a4 50. Rh8 e3 51. fxe3 Be4 52.
Re8 Bh7 53. Re6+ Kb5 54. Re7 fxe3 55. Rxh7 a3 56. Rb7+ 1-0

[Event "OLNO 2122 Forster SC 95 - SC Empor Pots"]
[Site "?"]
[Date "2022.03.20"]
[Round "7.6"]
[White "Stahr, Ralf-Peter"]
[Black "Trenner, Rolf"]
[Result "1-0"]
[WhiteElo "2124"]
[BlackElo "2189"]
[PlyCount "59"]
[EventDate "2022.??.??"]

1. c4 g6 2. Nc3 Bg7 3. d4 c5 4. Nf3 cxd4 5. Nxd4 Nc6 6. Nc2 d6 7. e4 Be6 8. Be2
Rc8 9. Nd5 Nf6 10. f3 O-O 11. O-O Na5 12. Nce3 Nd7 13. Rb1 Bxd5 14. cxd5 Qb6
15. Kh1 Rc7 16. Bd2 Rfc8 17. b4 Nc4 18. Nxc4 Rxc4 19. Bxc4 Rxc4 20. Rc1 Rxc1
21. Qxc1 Qd4 22. a3 h5 23. Bg5 Qd3 24. Bxe7 Bb2 25. Qb1 Qxa3 26. Bxd6 Nb6 27.
Rf2 Nc4 28. Rc2 Qd3 29. h3 Kh7 30. Rxb2 1-0

[Event "OLNO 2122 Forster SC 95 - SC Empor Pots"]
[Site "?"]
[Date "2022.03.20"]
[Round "7.7"]
[White "Wuttke, Hans"]
[Black "Szylko, Waldemar"]
[Result "0-1"]
[WhiteElo "2109"]
[BlackElo "1897"]
[PlyCount "162"]
[EventDate "2022.??.??"]

1. c4 c6 2. Nf3 f5 3. b3 Nf6 4. Bb2 e6 5. e3 Be7 6. Be2 O-O 7. O-O d5 8. d3 b6
9. Nbd2 Bb7 10. Ne5 Nbd7 11. Ndf3 Nxe5 12. Nxe5 Nd7 13. Qc2 Nxe5 14. Bxe5 Bf6
15. Qb2 c5 16. Bf3 Bxe5 17. Qxe5 Qf6 18. Qxf6 Rxf6 19. Rfd1 Rf7 20. cxd5 exd5
21. d4 cxd4 22. Rxd4 Rd7 23. Rc1 Rad8 24. a4 Kf7 25. g4 g6 26. Be2 Rc8 27. Rxc8
Bxc8 28. gxf5 gxf5 29. Rh4 Kg6 30. Bf3 Bb7 31. Rd4 Kf6 32. Kg2 Ke5 33. Rh4 Ba6
34. Bd1 d4 35. f4+ Ke4 36. exd4 Kxd4 37. Bc2 Bb7+ 38. Kf2 Be4 39. Bxe4 Kxe4 40.
Ke2 Rg7 41. Kf2 Rc7 42. Ke2 h5 43. Rxh5 Rc2+ 44. Kd1 Rb2 45. Rh7 a5 46. Rh3
Kxf4 47. Ke1 Ke4 48. Rh6 Rxb3 49. h4 f4 50. h5 b5 51. Ra6 bxa4 52. Rxa5 a3 53.
h6 Rb1+ 54. Kf2 Rb2+ 55. Kg1 Rb1+ 56. Kf2 Rb3 57. h7 Rh3 58. Rxa3 Rh2+ 59. Kg1
Rxh7 60. Kg2 Rb7 61. Ra2 Rb3 62. Kf2 Rc3 63. Rb2 Rf3+ 64. Kg2 Rg3+ 65. Kf2 Rh3
66. Kg2 Rh6 67. Rb3 Kf5 68. Ra3 Kg4 69. Ra4 Rc6 70. Ra2 Rc3 71. Rb2 Rg3+ 72.
Kf2 Rh3 73. Rb4 Rh2+ 74. Kg1 Rc2 75. Rb3 Re2 76. Ra3 Re3 77. Ra1 Kg3 78. Kf1
Rb3 79. Rc1 Rb2 80. Ra1 f3 81. Kg1 Rg2+ 0-1

[Event "OLNO 2122 Forster SC 95 - SC Empor Pots"]
[Site "?"]
[Date "2022.03.20"]
[Round "7.8"]
[White "Zeihser, Michael"]
[Black "Bachmann, Volker"]
[Result "0-1"]
[WhiteElo "2137"]
[BlackElo "2120"]
[PlyCount "52"]
[EventDate "2022.??.??"]

1. d4 Nf6 2. c4 g6 3. Nc3 d5 4. Nf3 Bg7 5. Bg5 Ne4 6. Bf4 Nxc3 7. bxc3 O-O 8.
e3 c5 9. cxd5 cxd4 10. cxd4 Qxd5 11. Be2 Nc6 12. O-O Rd8 13. Qa4 Bd7 14. Qb5
Qxb5 15. Bxb5 Nxd4 16. Nxd4 Bxd4 17. exd4 Bxb5 18. Rfd1 Ba4 19. Rd2 Rac8 20. h3
Rc4 21. Be3 Rd5 22. Rb1 Bc6 23. Rbb2 Ra4 24. Rdc2 e6 25. g4 f6 26. h4 e5 0-1

[Event "OLNO 2122 TSG Oberschöneweide - SC Kre"]
[Site "?"]
[Date "2022.03.20"]
[Round "7.1"]
[White "Glantz, Robert"]
[Black "Rosenthal, Dirk"]
[Result "1-0"]
[WhiteElo "2318"]
[BlackElo "2398"]
[PlyCount "115"]
[EventDate "2022.??.??"]

1. d4 Nf6 2. Nf3 d5 3. Bf4 c5 4. e3 Nc6 5. Nbd2 cxd4 6. exd4 Bf5 7. c3 e6 8.
Qb3 Bd6 9. Qxb7 Bxf4 10. Qxc6+ Kf8 11. Ne5 Bxd2+ 12. Kxd2 Rb8 13. Qc5+ Kg8 14.
Qxa7 Rxb2+ 15. Kc1 Rc2+ 16. Kd1 h6 17. Nc6 Qf8 18. Ne7+ Kh7 19. Nxf5 Rxc3 20.
Ne7 Ne4 21. f3 Qd8 22. fxe4 Rc7 23. Nc6 Rxc6 24. e5 Rc7 25. Qa3 g6 26. h4 Kg7
27. Rh3 Qd7 28. Rc3 Ra7 29. Qc5 Qa4+ 30. Ke1 Rb8 31. Rd1 Qxa2 32. Rc2 Qa4 33.
Kf2 Rb3 34. Be2 h5 35. Qc6 Qa5 36. Qe8 Rc3 37. Rb2 Ra8 38. Qe7 Rc7 39. Qf6+ Kg8
40. Rdd2 Qa1 41. Qf4 Qa7 42. Rdc2 Kg7 43. Ra2 Rxc2 44. Rxc2 Qe7 45. Rc3 Rb8 46.
Rf3 Qa7 47. Rc3 Qe7 48. Kg3 Ra8 49. Rf3 Qa7 50. Bd3 Qe7 51. Qf6+ Qxf6 52. exf6+
Kh6 53. Kf4 Ra1 54. Ke5 Re1+ 55. Kd6 g5 56. hxg5+ Kxg5 57. Ke7 e5 58. dxe5 1-0

[Event "OLNO 2122 TSG Oberschöneweide - SC Kre"]
[Site "?"]
[Date "2022.03.20"]
[Round "7.2"]
[White "Horn, Sven"]
[Black "Muse, Drazen"]
[Result "0-1"]
[WhiteElo "2075"]
[BlackElo "2325"]
[PlyCount "68"]
[EventDate "2022.??.??"]

1. Nc3 d5 2. d4 c6 3. Nf3 Nf6 4. Bf4 Qb6 5. Na4 Qa5+ 6. c3 Bf5 7. b4 Qd8 8. Nc5
b6 9. Nd3 e6 10. Nfe5 Ne4 11. Qb3 f6 12. Nf3 g5 13. Be3 Nd6 14. Nd2 Bxd3 15.
exd3 Nf5 16. Be2 h5 17. O-O-O a5 18. a3 Nd7 19. g4 Nxe3 20. fxe3 hxg4 21. e4
axb4 22. axb4 Rh4 23. Nf1 Bd6 24. Kb2 Bf4 25. c4 b5 26. Re1 Kf8 27. Rg1 f5 28.
Rg2 Nf6 29. cxd5 cxd5 30. exf5 exf5 31. Ng3 Qd7 32. Bd1 Kf7 33. Re5 Qa7 34.
Rxd5 Qa1+ 0-1

[Event "OLNO 2122 TSG Oberschöneweide - SC Kre"]
[Site "?"]
[Date "2022.03.20"]
[Round "7.3"]
[White "Maetzkow, Maximilian Paul"]
[Black "Schoewel, Matthias"]
[Result "1/2-1/2"]
[WhiteElo "2285"]
[BlackElo "2213"]
[PlyCount "35"]
[EventDate "2022.??.??"]

1. e4 e5 2. Nf3 Nc6 3. Nc3 d6 4. d4 Bd7 5. Bc4 exd4 6. Nxd4 Nf6 7. O-O Be7 8.
b3 O-O 9. Bb2 a6 10. a4 Ne5 11. Be2 c5 12. Nf3 Bc6 13. Nxe5 dxe5 14. Bf3 Qd6
15. Qxd6 Bxd6 16. Rad1 Rad8 17. Nd5 Nxd5 18. exd5 1/2-1/2

[Event "OLNO 2122 TSG Oberschöneweide - SC Kre"]
[Site "?"]
[Date "2022.03.20"]
[Round "7.4"]
[White "Postler, Reinhard"]
[Black "Moritz, Aron"]
[Result "0-1"]
[WhiteElo "2184"]
[BlackElo "2208"]
[PlyCount "76"]
[EventDate "2022.??.??"]

1. e4 c5 2. Nf3 d6 3. d4 cxd4 4. Nxd4 Nf6 5. Nc3 a6 6. Be3 e5 7. Nb3 Be7 8. Be2
O-O 9. O-O Be6 10. Nd5 Nbd7 11. f3 Bxd5 12. exd5 Nh5 13. g3 f5 14. f4 exf4 15.
gxf4 Nhf6 16. Nd4 Qe8 17. Ne6 Qg6+ 18. Kh1 Rf7 19. Rg1 Ng4 20. Bxg4 fxg4 21.
Rg2 Qe4 22. Qd4 Qf5 23. Rd1 h5 24. c4 Nf8 25. Nxf8 Rfxf8 26. b4 Rac8 27. c5
dxc5 28. Qe5 Qf7 29. d6 Bf6 30. Qd5 cxb4 31. d7 Rc6 32. Bc5 Rd8 33. Bxb4 Qxd5
34. Rxd5 Kf7 35. f5 b6 36. Re2 Rc7 37. Rd6 Rdxd7 38. Rxb6 Rc1+ 0-1

[Event "OLNO 2122 TSG Oberschöneweide - SC Kre"]
[Site "?"]
[Date "2022.03.20"]
[Round "7.5"]
[White "Glienke, Manfred"]
[Black "Boewer, Roland"]
[Result "1/2-1/2"]
[WhiteElo "2209"]
[BlackElo "2171"]
[PlyCount "35"]
[EventDate "2022.??.??"]

1. Nf3 Nf6 2. d4 d6 3. h3 Nbd7 4. Bf4 g6 5. e3 Bg7 6. Bc4 O-O 7. Nbd2 Qe8 8. c3
e5 9. dxe5 Nxe5 10. Nxe5 dxe5 11. Bh2 Qe7 12. Nf3 Nd7 13. O-O Nb6 14. Bb3 Bd7
15. Qe2 Bc6 16. Rfd1 a5 17. a3 a4 18. Ba2 1/2-1/2

[Event "OLNO 2122 TSG Oberschöneweide - SC Kre"]
[Site "?"]
[Date "2022.03.20"]
[Round "7.6"]
[White "Jauk, Wilhelm"]
[Black "Vogel, Constantin"]
[Result "1-0"]
[WhiteElo "2157"]
[BlackElo "2209"]
[PlyCount "89"]
[EventDate "2022.??.??"]

1. c4 Nf6 2. Nc3 e5 3. g3 c6 4. Bg2 d5 5. d3 d4 6. Nb1 c5 7. e4 Nc6 8. Ne2 Be7
9. O-O a6 10. f4 O-O 11. h3 b5 12. Nd2 Ne8 13. b3 Nd6 14. fxe5 Nxe5 15. Nf3
Nxf3+ 16. Rxf3 f5 17. exf5 Bb7 18. Rf2 Bxg2 19. Rxg2 Nxf5 20. Nf4 Qd7 21. Qg4
Bd6 22. Bd2 Rae8 23. Rf1 bxc4 24. bxc4 Qb7 25. Nd5 Bxg3 26. Rxg3 Nxg3 27. Qxg3
Rxf1+ 28. Kxf1 Qb1+ 29. Be1 Rf8+ 30. Kg2 Qxa2+ 31. Bf2 a5 32. Ne7+ Kh8 33. Nf5
Rg8 34. Nd6 Rf8 35. Nf7+ Kg8 36. Nh6+ Kh8 37. Nf5 Rg8 38. Qe5 Qa3 39. Nd6 h6
40. Nf7+ Kh7 41. Qe4+ g6 42. Qf4 Kg7 43. Qc7 Kf6 44. Nxh6 Rf8 45. Ng4+ 1-0

[Event "OLNO 2122 TSG Oberschöneweide - SC Kre"]
[Site "?"]
[Date "2022.03.20"]
[Round "7.7"]
[White "Dathe, Frederick"]
[Black "Hoeckendorf, Hartmut"]
[Result "1-0"]
[WhiteElo "2019"]
[BlackElo "2143"]
[PlyCount "75"]
[EventDate "2022.??.??"]

1. c4 Nf6 2. g3 g6 3. Bg2 Bg7 4. Nc3 d6 5. e4 c5 6. Nge2 Nc6 7. O-O O-O 8. d3
a6 9. a4 Rb8 10. Rb1 Bd7 11. h3 Nd4 12. Be3 e5 13. b4 b5 14. axb5 axb5 15. Nxb5
Bxb5 16. cxb5 Rxb5 17. Bd2 Nd7 18. Nxd4 exd4 19. bxc5 Rxb1 20. Qxb1 Nxc5 21.
Bb4 Qb8 22. Bxc5 Qxb1 23. Rxb1 dxc5 24. Rc1 Rc8 25. f4 f6 26. Bf3 h5 27. Bd1
Rb8 28. Kf2 Rb2+ 29. Kf3 Rd2 30. Bb3+ Kh7 31. Bc4 g5 32. e5 g4+ 33. hxg4 hxg4+
34. Kxg4 fxe5 35. Rh1+ Kg6 36. f5+ Kf6 37. Ra1 Rf2 38. Ra7 1-0

[Event "OLNO 2122 TSG Oberschöneweide - SC Kre"]
[Site "?"]
[Date "2022.03.20"]
[Round "7.8"]
[White "Nguyen, Phuc Nhat"]
[Black "Eberhardt, Olaf"]
[Result "0-1"]
[WhiteElo "1742"]
[BlackElo "2099"]
[PlyCount "110"]
[EventDate "2022.??.??"]

1. e4 c5 2. Nf3 e6 3. Nc3 d6 4. d4 cxd4 5. Nxd4 Nf6 6. Be3 Be7 7. f3 O-O 8. Qd2
Nc6 9. O-O-O d5 10. g4 e5 11. Nxc6 bxc6 12. exd5 cxd5 13. Nxd5 Nxd5 14. Qxd5
Qxd5 15. Rxd5 Bb7 16. Rd2 Bxf3 17. Bg2 Bxg2 18. Rxg2 Rfd8 19. Rd1 Rxd1+ 20.
Kxd1 Rb8 21. c4 a5 22. Rc2 f6 23. c5 Kf7 24. c6 Ke6 25. c7 Rc8 26. Bb6 a4 27.
a3 Bd6 28. Rc4 Kd5 29. Rc2 g6 30. Rc3 e4 31. b3 axb3 32. a4 b2 33. Kc2 Be5 34.
Rc5+ Kd6 35. a5 Kd7 36. Rd5+ Bd6 37. Bc5 Kc6 38. Rxd6+ Kxc5 39. Rxf6 Rxc7 40.
Kxb2 Kd5 41. Rf8 e3 42. Re8 Kd4 43. h3 Kd3 44. Rd8+ Ke4 45. Re8+ Kf3 46. Rf8+
Kg3 47. Re8 Kf2 48. Rf8+ Ke1 49. a6 e2 50. Ra8 Kd2 51. Rd8+ Ke3 52. Re8+ Kf3
53. g5 Ra7 54. Re6 Rxa6 55. Re7 Ra5 0-1

[Event "OLNO 2122 SC Kreuzberg - SC Empor Potsd"]
[Site "?"]
[Date "2022.04.03"]
[Round "8.1"]
[White "Penzold, Andreas"]
[Black "Glantz, Robert"]
[Result "1-0"]
[WhiteElo "2389"]
[BlackElo "2340"]
[PlyCount "71"]
[EventDate "2022.??.??"]

1. c4 e6 2. Nc3 d5 3. d4 Nf6 4. Bf4 Be7 5. e3 O-O 6. Nf3 b6 7. Bd3 Ba6 8. cxd5
Nxd5 9. Nxd5 Qxd5 10. O-O Bxd3 11. Qxd3 c5 12. e4 Qb7 13. d5 exd5 14. exd5 Nd7
15. Rad1 b5 16. Ne5 Bf6 17. Rfe1 Rfe8 18. Qf5 Bxe5 19. Bxe5 Nxe5 20. Rxe5 Rxe5
21. Qxe5 Qd7 22. d6 c4 23. h4 Re8 24. Qd4 h6 25. a4 bxa4 26. Qxc4 Rd8 27. g3
Rb8 28. Rd2 h5 29. Kh2 g6 30. Qd4 Re8 31. Rc2 Rd8 32. Re2 Qg4 33. Re4 Qf5 34.
Re7 Kh7 35. d7 Qf3 36. Re8 1-0

[Event "OLNO 2122 SC Kreuzberg - SC Empor Potsd"]
[Site "?"]
[Date "2022.04.03"]
[Round "8.2"]
[White "Maetzkow, Maximilian Paul"]
[Black "Tschernatsch, Johannes"]
[Result "1/2-1/2"]
[WhiteElo "2290"]
[BlackElo "2352"]
[PlyCount "41"]
[EventDate "2022.??.??"]

1. d4 Nf6 2. Nf3 g6 3. g3 Bg7 4. Bg2 O-O 5. O-O d5 6. c4 c6 7. cxd5 cxd5 8. Ne5
Ne4 9. Nd2 Nxd2 10. Bxd2 Nd7 11. Nxd7 Qxd7 12. Bf4 Qb5 13. Qd2 Bf5 14. a4 Qd7
15. Rfc1 Rfc8 16. Qb4 e6 17. h3 h5 18. e3 Rxc1+ 19. Rxc1 Rc8 20. Rxc8+ Qxc8 21.
Qe7 1/2-1/2

[Event "OLNO 2122 SC Kreuzberg - SC Empor Potsd"]
[Site "?"]
[Date "2022.04.03"]
[Round "8.4"]
[White "Glienke, Manfred"]
[Black "Schoene, Ralf"]
[Result "1/2-1/2"]
[WhiteElo "2212"]
[BlackElo "2255"]
[PlyCount "25"]
[EventDate "2022.??.??"]

1. Nf3 Nf6 2. d3 d6 3. g3 g6 4. Bg2 Bg7 5. O-O O-O 6. c4 c6 7. Nc3 e5 8. Rb1
Re8 9. b4 d5 10. e4 dxc4 11. dxc4 Qxd1 12. Rxd1 Bg4 13. h3 1/2-1/2

[Event "OLNO 2122 SC Kreuzberg - SC Empor Potsd"]
[Site "?"]
[Date "2022.04.03"]
[Round "8.5"]
[White "Milare, Tyron"]
[Black "Lehmann, Klaus"]
[Result "0-1"]
[WhiteElo "2300"]
[BlackElo "2213"]
[PlyCount "80"]
[EventDate "2022.??.??"]

1. d4 Nf6 2. Nf3 e6 3. c4 b6 4. a3 d5 5. Nc3 Be7 6. Bf4 O-O 7. e3 Bb7 8. Rc1 c5
9. dxc5 bxc5 10. Be2 Nbd7 11. O-O a6 12. cxd5 exd5 13. Ne5 Nb6 14. Bf3 Bd6 15.
Nd3 Rb8 16. Nxc5 Bxc5 17. Bxb8 Qxb8 18. Nxd5 Bxd5 19. Rxc5 Be6 20. Qe2 Nfd7 21.
Rc3 Ne5 22. Rfc1 Bc4 23. Qc2 Nxf3+ 24. gxf3 Be6 25. b4 Qe5 26. Rc5 Qf6 27. Qe2
Nd7 28. Ra5 Ne5 29. Kg2 Rd8 30. Rd1 Rc8 31. Rxe5 Qxe5 32. Qxa6 h5 33. Qd6 Qf6
34. b5 Qg5+ 35. Kh1 Qxb5 36. Rg1 Qf5 37. Qg3 g6 38. Kg2 Qf6 39. h4 Rc4 40. Rh1
Kg7 0-1

[Event "OLNO 2122 SC Kreuzberg - SC Empor Potsd"]
[Site "?"]
[Date "2022.04.03"]
[Round "8.6"]
[White "Dathe, Frederick"]
[Black "Trenner, Rolf"]
[Result "1-0"]
[WhiteElo "2048"]
[BlackElo "2177"]
[PlyCount "77"]
[EventDate "2022.??.??"]

1. c4 g6 2. Nc3 Bg7 3. g3 c5 4. Bg2 Nc6 5. e3 d6 6. Nge2 Be6 7. d3 Nf6 8. O-O
O-O 9. Nd5 Rb8 10. Rb1 Nb4 11. Nxf6+ Bxf6 12. a3 Nc6 13. b4 cxb4 14. axb4 Qd7
15. b5 Ne5 16. f4 Ng4 17. h3 Nh6 18. g4 Bg7 19. f5 Nxf5 20. gxf5 Bxf5 21. Kh2
h5 22. Bb2 e5 23. Ng3 Be6 24. Ne4 Qe7 25. Ba3 Rfd8 26. Nc3 Qg5 27. Qf3 f5 28.
Nd5 Kh7 29. Qg3 Qh6 30. h4 Rbc8 31. b6 axb6 32. Rxb6 e4 33. Rxb7 Bxd5 34. cxd5
exd3 35. Bb2 Rg8 36. Rd1 Rc2 37. Bf6 Kh8 38. Qxd6 Qxe3 39. Bxg7+ 1-0